| 000 | 00718nam a22002417a 4500 | ||
|---|---|---|---|
| 003 | DO-SdBNP | ||
| 005 | 20180212143820.0 | ||
| 008 | 151117b 1994 ck a|||| 00| 0 spa d | ||
| 020 | _a9789582401740 | ||
| 040 |
_aBPMSU _bspa _cBPMSU |
||
| 082 | 4 |
_axxxx _bxxxx |
|
| 100 | 1 |
_aLodi, Mario, _d1922- |
|
| 245 | 1 | 0 |
_aCipi / _cMario Lodi ; traducción Carmen Santos ; ilustración Viví Escrivá |
| 260 |
_aColombia : _bAlfaguara, _c1994. |
||
| 300 |
_a116 p. : _bil., _c20 cm. |
||
| 490 | 1 | 0 | _aAlfaguara infantil |
| 700 | 1 | 2 |
_aSantos, Carmen, _etr. |
| 700 | 1 | 0 |
_aEscrivá, Viví, _eil. |
| 830 | 0 | _aAlfaguara infantil | |
| 942 |
_2ddc _cBK |
||
| 945 | _aInventariado, 2018 / BT | ||
| 956 |
_aBTAVAREZ _b10 _d20151118 _fBPMSU _h0038 |
||
| 999 |
_c8737 _d8737 |
||